Missing Word: 'A' Songs Quiz Stats

 Plays Quiz Updated Sep 20, 2012

Support Sporcle.
Go Orange.
Score 0/20 Timer 03:00
0 Plays Today
Hint Answer % Correct
________ PieAmerican
97.9%
I Will ________ Love YouAlways
97.5%
Wanted Dead or ________Alive
96.9%
What I Like ________ YouAbout
94.2%
________ By MyselfAll
93.2%
________ Breaky HeartAchy
92%
________ Way You Want ItAny
89.7%
Time ________ TimeAfter
89.4%
Lips of an _________Angel
86.7%
________ Day in ParadiseAnother
77.3%
Hint Answer % Correct
________ LastAt
72.2%
I Get ________Around
68.4%
Hello ________Again
61.9%
What's My ________ Again?Age
54.8%
________ the UniverseAcross
48.3%
Dirt Road ________Anthem
28.6%
Ring the ________Alarm
24.8%
________ in Love Accidentally
23.6%
All _________Apologies
18.1%
________ Got YouAin't
9%

Today's Daily Dose

Word Ladder
ING Words

Get the Picture
Nearest Volcano

From the Vault

Finish the Movie Title IV

by MovieGuruTwo

Movies 6m
You've gotta make it all the way to the end.
Remove Ads.
Support Sporcle.
Get the best of Sporcle when you Go Orange. This ad-free experience offers more features, more stats, and more fun while also helping to support Sporcle. Thank you for becoming a member.

Show Comments

Extras

Top Quizzes Today


Score Distribution

Your Account Isn't Verified!

In order to create a playlist on Sporcle, you need to verify the email address you used during registration. Go to your Sporcle Settings to finish the process.

Report this User

Report this user for behavior that violates our Community Guidelines.

Details: